| 000 | 00467nam a2200193Ia 4500 | ||
|---|---|---|---|
| 005 | 20240823014152.0 | ||
| 008 | 240823s9999||||xx |||||||||||||| ||und|| | ||
| 020 | _a81-7409-126-2 | ||
| 041 | _aENGLISH | ||
| 082 | _A671.52 P3 | ||
| 100 | _aParmar R S | ||
| 245 | 0 | _aWelding Processes and Technology | |
| 250 | _a2nd | ||
| 260 |
_c2003 _b"Khanna Publishders," _aNew Delhi |
||
| 500 | _aTRANSFERED | ||
| 650 |
_aWelding _bCivil |
||
| 942 | _cBK | ||
| 999 |
_c169311 _d169311 |
||